000
00331 a2200157 4500
001
71581
020
_a
040
_c
Anchieta - Colégio São Paulo
240
1
0
_a
A Gata Borralheira
_l
por
245
1
0
_a
A Gata Borralheira
300
_a
9
362
0
_a
0
440
1
_a
FTD
650
4
_a
Literatura infanto-juvenil
942
_c
BK
999
_c
71581
_d
71581